Flags of Island Countries With Three Colors or Less - Easy - Statistics

General Stats
  • This quiz has been taken 63 times
  • The average score is 23 of 25
Answer Stats
Picture Answer % Correct
Jamaica
100%
New Zealand
100%
Ireland
98%
Japan
98%
United Kingdom
98%
Barbados
96%
Cuba
96%
Cyprus
96%
Bahrain
94%
Iceland
94%
Indonesia
94%
Palau
94%
Singapore
94%
Taiwan
92%
Bahamas
90%
Madagascar
90%
Maldives
90%
Nauru
90%
Saint Vincent and the Grenadines
90%
Federated States of Micronesia
88%
Grenada
88%
Marshall Islands
88%
Trinidad and Tobago
88%
Tonga
85%
Samoa
77%
No matching quizzes found
Score Distribution
Percent of People with Each Score
Percentile by Number Answered
Your Score History
You have not taken this quiz